[Event "Kremnica op"]
[Site "Kremnica"]
[Date "2024.08.16"]
[Round "2"]
[White "Herko, Lubomir"]
[Black "Hresko, David Jozef"]
[Result "1-0"]
[WhiteElo "1677"]
[BlackElo "1525"]
[PlyCount "87"]
[EventDate "2024.08.15"]
[EventType "swiss"]
[EventRounds "7"]
[EventCountry "SVK"]
[SourceTitle "CBM 221 Extra"]
[Source "ChessBase"]
[SourceDate "2024.09.30"]
[SourceVersion "1"]
[SourceVersionDate "2024.09.30"]
[SourceQuality "1"]

1. c4 b6 2. Nc3 Bb7 3. d3 e6 4. a3 Nf6 5. Nf3 d5 6. Bg5 Be7 7. g3 dxc4 8. Qa4+ Qd7 9. Qxc4 Bxf3 10. exf3 Qc6 11. Bg2 Qxc4 12. dxc4 Nbd7 13. 0-0 a6 14. Rad1 0-0-0 15. b4 h6 16. Bxf6 Bxf6 17. Ne4 Be7 18. f4 f5 19. Nd2 g5 20. fxg5 hxg5 21. h3 Rh6 22. Nb3 e5 23. Rfe1 Rd6 24. Rxd6 Bxd6 25. Bd5 f4 26. Kg2 Kb8 27. Nd2 Nf6 28. Bc6 Nd7 29. Ne4 Be7 30. Rd1 Nf6 31. Rxd8+ Bxd8 32. Nxg5 Kc8 33. h4 Be7 34. Kf3 fxg3 35. fxg3 Nd7 36. Nf7 Bf6 37. h5 Nf8 38. Ke4 Ne6 39. h6 Ng5+ 40. Nxg5 Bxg5 41. h7 Bf6 42. Kf5 Kd8 43. Kxf6 Kc8 44. Kf5 1-0

[Event "SVK-ch U2300"]
[Site "Liptovsky Jan"]
[Date "2024.06.18"]
[Round "7"]
[White "Lanza, Matej"]
[Black "Hresko, David Jozef"]
[Result "1/2-1/2"]
[WhiteElo "1581"]
[BlackElo "1000"]
[PlyCount "116"]
[EventDate "2024.06.15"]
[EventType "swiss"]
[EventRounds "8"]
[EventCountry "SVK"]
[SourceTitle "CBM 220 Extra"]
[Source "ChessBase"]
[SourceDate "2024.07.31"]
[SourceVersion "1"]
[SourceVersionDate "2024.07.31"]
[SourceQuality "1"]

1. d4 Nf6 2. Nf3 g6 3. Bf4 Bg7 4. e3 0-0 5. Bd3 d6 6. 0-0 b6 7. Nc3 Bb7 8. h3 Nbd7 9. Re1 Re8 10. Nd2 e5 11. dxe5 dxe5 12. Bg5 Qc8 13. Bb5 a6 14. Bxf6 Bxf6 15. Bd3 c5 16. Be4 Bxe4 17. Ndxe4 Be7 18. Nd6 Bxd6 19. Qxd6 Re6 20. Qd5 Nf6 21. Qf3 Qc6 22. Qxc6 Rxc6 23. Rad1 Rcc8 24. Nd5 Nxd5 25. Rxd5 f6 26. Rd6 Kg7 27. Red1 b5 28. Rd7+ Kg8 29. e4 c4 30. R1d6 Rf8 31. Rc7 Rf7 32. Rcc6 Kg7 33. Rxa6 Rxa6 34. Rxa6 Rd7 35. Ra5 Rd1+ 36. Kh2 Rd2 37. f3 Rxc2 38. Rxb5 c3 39. bxc3 Rxa2 40. Rb7+ Kg8 41. Rc7 Rc2 42. Kg3 h6 43. c4 Kf8 44. c5 Ke8 45. c6 Kd8 46. Rd7+ Kc8 47. Rd6 Kc7 48. Rxf6 Rxc6 49. Rxc6+ Kxc6 50. Kg4 Kd6 51. h4 Ke6 52. h5 g5 53. g3 Kf6 54. f4 gxf4 55. gxf4 Ke6 56. f5+ Kf6 57. Kg3 Kg5 58. Kh2 Kf6 1/2-1/2

[Event "SVK-ch U2300"]
[Site "Liptovsky Jan"]
[Date "2024.06.15"]
[Round "1"]
[White "Hresko, David Jozef"]
[Black "Vokal, Stanislav"]
[Result "0-1"]
[WhiteElo "1000"]
[BlackElo "1844"]
[PlyCount "82"]
[EventDate "2024.06.15"]
[EventType "swiss"]
[EventRounds "8"]
[EventCountry "SVK"]
[SourceTitle "CBM 220 Extra"]
[Source "ChessBase"]
[SourceDate "2024.07.31"]
[SourceVersion "1"]
[SourceVersionDate "2024.07.31"]
[SourceQuality "1"]

1. d4 Nf6 2. Bf4 d5 3. e3 e6 4. Nf3 c5 5. c3 Nc6 6. Bd3 c4 7. Bc2 Bd6 8. Bg3 0-0 9. Nbd2 b5 10. Qe2 a5 11. 0-0 Ne7 12. Ne5 Bb7 13. Bh4 Ng6 14. Nxg6 fxg6 15. Nf3 Qc7 16. Bg3 b4 17. Ne5 Nh5 18. Nxg6 Nxg3 19. fxg3 Rf6 20. Qh5 hxg6 21. Bxg6 Rxg6 22. Qxg6 Qe7 23. Rf3 Bc6 24. Raf1 Be8 25. Qg4 Qd7 26. R3f2 a4 27. Qd1 a3 28. cxb4 Bxb4 29. b3 c3 30. g4 Bg6 31. h4 Rc8 32. Qe2 c2 33. Rc1 Bc3 34. Rxc2 Bxc2 35. Qxc2 Bxd4 36. Qd2 Be5 37. Qb4 Bd6 38. Qd2 Bg3 39. Rf3 Qc7 40. Rxg3 Qxg3 41. Qf2 Rc1+ 0-1